| 000 | 01341nam a2200349 c 4500 | ||
|---|---|---|---|
| 003 | BLK | ||
| 005 | 20180420231431.0 | ||
| 008 | 180409b bul|||||r ||||||| ||bul|| | ||
| 010 | _aKNG00125582000 | ||
| 040 | _aBLK | ||
| 041 |
_aESP _cDRU _hBUL |
||
| 080 |
_aЛексикология. Езикови речници и разговорници. Лексикография _b81`374 _x=922=163.2 _z81`374=922=163.2 |
||
| 100 | 1 |
_aГригоров, Асен _eпърви автор _9284108 |
|
| 139 |
_aГригоров, Асен _bГ 82 |
||
| 245 | 1 | 0 |
_aЕсперанто-български речник _cАсен Григоров. |
| 250 | _a4. доп. изд. | ||
| 257 | _aBGR | ||
| 260 |
_аСофия _bНаука и изкуство _c1956 |
||
| 300 |
_a160 с. _c13 см |
||
| 380 | _a80 | ||
| 500 | _a1. изд. 1930 на Раб. есп. съюз. - Библиогр. каре 1957. | ||
| 650 | 4 |
_aЕсперанто - речници _9287099 |
|
| 650 | 4 |
_aБългарски език - речници, българско-есперантски _9309344 |
|
| 653 | _aесперанто | ||
| 653 | _aбългарски език | ||
| 653 | _aречници | ||
| 852 | _aЦб І 1025 | ||
| 856 | 4 |
_qpdf _u |
|
| 856 | 4 |
_qpdf _u |
|
| 942 |
_cKNG _n0 |
||
| 944 |
_aCR _c09.09.2011 _lф / 09.09.2011 _kКети_Илиева |
||
| 944 |
_aED _c19.03.2013 _lф / 09.09.2011 _k |
||
| 999 |
_c119966 _d119966 |
||